| 000 | 01268nam a2200433 4500 | ||
|---|---|---|---|
| 001 | 45124 | ||
| 003 | DO-SdBPM | ||
| 005 | 20250523102533.0 | ||
| 007 | 45124 | ||
| 008 | 160922b2010 p| 00| 0 a spa d | ||
| 020 | _a9786124063107 | ||
| 040 |
_aDO-SdBPM _bspa _cBPMSU _erda _drda |
||
| 082 | 4 |
_a833.8 _bS176b 2010 _222 |
|
| 100 | 1 |
_aSalten, Félix, _d 1869-1945. _c |
|
| 245 | 1 | 0 |
_aBambi / _cFélix Salten ; ilustración Gerson Jara Morales |
| 250 | _a | ||
| 260 | _a | ||
| 264 |
_aLima, Perú : _bEditorial Educativa, _c2010 |
||
| 300 |
_a10 p. : _bils. ; _c27cm. |
||
| 336 |
_atexto _btxt _2rdacontent |
||
| 337 |
_asin mediación _bn _2rdamedia |
||
| 338 |
_avolumen _bnc _2rdacarrier |
||
| 490 | 0 | _aCuentos selectos | |
| 500 | _a | ||
| 590 | _aInventariado, 2025/VM | ||
| 650 | 7 | _aCuentos infantiles austríacos | |
| 650 | 4 |
_aAnimales _vCuentos infantiles |
|
| 650 | 4 | _a Libros ilustrados para niños | |
| 650 | _a | ||
| 700 | 1 |
_aJara Morales, Gerson _eilustración |
|
| 740 | _a Caperucita roja | ||
| 740 | _aLa princesa y la rana La dama | ||
| 740 | _aLa Blancanieves | ||
| 740 | _aLa cenicienta | ||
| 740 | _aRuiponche | ||
| 740 | _aLos siente cuervos. | ||
| 910 | _aVMateo V. Control de calidad. BPMSU | ||
| 942 |
_2ddc _cBK |
||
| 999 |
_c15095 _d15095 |
||